| 000 | 01404nam0a22003371 4500 | ||
|---|---|---|---|
| 001 | rc\3315772 | ||
| 005 | 20130115150640.2 | ||
| 021 |
_aRU _b[72-6369] |
||
| 035 | _a(NLR Aleph) 007506489 | ||
| 090 |
_a7682263 _c7682263 |
||
| 100 | _a20130115d1972 |||y0rusy50 ca | ||
| 101 | 0 | _arus | |
| 102 | _aRU | ||
| 105 | _aa z ||||| | ||
| 200 | 1 |
_aЕмкости для хранения и транспортировки криогенных жидкостей _e[Обзор] _fЦентр. ин-т науч.-техн. информации и техн.-экон. исследований по хим. и нефт. машиностроению |
|
| 210 |
_aМосква _cБ. и. _d1972 |
||
| 215 |
_a45 с. _cчерт. _d19 |
||
| 225 | 1 | _aСерия ХМ-6 | |
| 300 | _aАвт. указаны на обороте тит. л.: В.Д. Ивочкин, Ю.М. Брошко, Н.А. Макаров | ||
| 320 | _aСписок пат.: с. 43-44 (60 назв.) | ||
| 606 |
_aГазы сжиженные _xТранспортировка _2psbo |
||
| 606 |
_aСосуды для сжиженных газов _2psbo |
||
| 606 |
_aГазы сжиженные _xХранение _2psbo |
||
| 700 | 1 |
_aИвочкин _bВ. Д. |
|
| 701 | 1 |
_aБрошко _bЮ. М. |
|
| 701 | 1 |
_aМакаров _bН. А. |
|
| 801 | 0 |
_aRU _bNLR _gpsbo |
|
| 801 | 1 |
_aRU _bELAR _2rusmarc |
|
| 852 |
_aNLR _j72-4/6381 |
||
| 942 | _cBOOK | ||
| 980 | _aNB | ||